Statistics for Top Five Countries By Category #3

Click here to take the quiz!

General Stats

  • This quiz has been taken 54,921 times
    (12,011 since last reset)
  • The average score is 36 of 57

Answer Stats

Country % Correct
United States
100%
Brazil
98%
France
97%
Japan
96%
United Kingdom
96%
Indonesia
94%
China
94%
India
93%
Germany
93%
Russia
89%
Spain
89%
Italy
89%
Canada
89%
Pakistan
88%
Niger
83%
Colombia
83%
Australia
81%
Sweden
81%
D.R. Congo
80%
Nigeria
79%
Norway
76%
South Korea
74%
Chile
72%
Peru
72%
Venezuela
72%
Switzerland
71%
Denmark
70%
Bangladesh
68%
Monaco
66%
Singapore
66%
Belgium
62%
Syria
60%
Honduras
60%
Ethiopia
58%
El Salvador
58%
Luxembourg
58%
Afghanistan
57%
Somalia
52%
Taiwan
49%
Chad
48%
United Arab Emirates
45%
Mali
43%
Yemen
41%
Tanzania
41%
Uganda
39%
Jamaica
33%
Myanmar
31%
Lithuania
31%
Kuwait
29%
Bahrain
29%
Suriname
28%
Malta
28%
Guyana
28%
Togo
18%
Bosnia and Herzegovina
15%
Lesotho
14%
Marshall Islands
6%

Score Distribution

Percentile by Number Answered

Percent of People with Each Score

Your Score History

You have not taken this quiz since the last reset